| 000 | 00705nam a22001937a 4500 | ||
|---|---|---|---|
| 999 |
_c1406 _d1406 |
||
| 003 | AR-CdUCM | ||
| 008 | 190226b ||||| |||| 00| 0 spa d | ||
| 040 |
_aMUNICIPALIDAD PROVINCIAL DEL CUSCO _cBIBLIOTECA MUNICIPAL DEL CUSCO |
||
| 082 |
_a371 / _bM22 |
||
| 100 |
_aMantovani, Juan _9125 |
||
| 245 | _aLa educación y sus tres problemas / | ||
| 260 |
_aArgentina : _bEl ateneo; _c1957. |
||
| 300 |
_a142 paginas ; _c19 cm. |
||
| 505 | _aLa educación y su problema previo -- La educación y su problema esencial -- La educación y el problema de los medios -- Metodismo y antimetodismo ... | ||
| 650 |
_aEducación _9460 |
||
| 650 |
_aFilosofía _9395 |
||
| 942 |
_2ddc _cLIBROS |
||
| 945 |
_arum _d2029-02-26 |
||